| 000 -ლიდერი |
| ფიქსირებული სიგრძის საკონტროლო ველი |
01084nam a22002297a 4500 |
| 003 - საკონტროლო ნომრის იდენტიფიკატორი |
| საკონტროლო ველი |
Ge_BSU |
| 005 - ბოლო ოპერაციის თარიღი და დრო |
| საკონტროლო ველი |
20210916105808.0 |
| 008 - ფიქსირებული სიგრძის მონაცემთა ელემენტები - ზოგადი ინფორმაცია |
| ფიქსირებული სიგრძის საკონტროლო ველი |
210916s2009 ge ||||| |||| 00| 0 geo d |
| 020 ## - წიგნის საერთაშორისო სტანდარტული ნომერი |
| International Standard Book Number |
9788764900644 |
| 041 ## - ენის კოდი |
| Language code of text/sound track or separate title |
geo |
| 080 ## - უნივერსალური ათობითი კლასიფიკაციის ინდექსი |
| Universal Decimal Classification number |
159.964+299.93 ჰ-13 |
| 100 ## - მთავარი ჩანაწერი - პიროვნების სახელი |
| Personal name |
ჰაბარდი, ლ. რონ. |
| 9 (RLIN) |
12481 |
| 245 ## - ცნობა სათაურის შესახებ |
| Title |
დიანეტიკა: |
| Remainder of title |
საწყისი თეზისები / |
| Statement of responsibility, etc |
ლ. რონ ჰაბარდი. |
| 264 ## - წარმოების, გამოცემის, დისტრიბუციის და სხვა ცნობები |
| გამოცემის, წარმოების, დისტრიბუციის... ადგილი |
Smedeland : |
| გამოცემის, წარმოების, დისტრიბუციის... სახელწოდება |
Glostrup : New Era Publications International ApS : A Hubbard Publication, |
| გამოცემის, წარმოების, დისტრიბუციის... თარიღი |
2009. |
| 300 ## - ფიზიკური აღწერა |
| Extent |
281 გვ. : |
| Other physical details |
ილ. ; |
| Dimensions |
23 სმ. |
| 440 ## - სერიის ცნობა / დამატებულია ჩანაწერი - სათაური |
| Title |
ნომერ პირველი საერთაშორისო ბესტსელერის - დიანეტიკის ავტორი |
| 9 (RLIN) |
12480 |
| 500 ## - ზოგადი შენიშვნა |
| General note |
ინდექსები: გვ. 235-279. |
| 653 ## - INDEX TERM--UNCONTROLLED |
| Uncontrolled term |
დიანეტიკა |
| 653 ## - INDEX TERM--UNCONTROLLED |
| Uncontrolled term |
ადამიანის ცნობიერება |
| 653 ## - INDEX TERM--UNCONTROLLED |
| Uncontrolled term |
ქვეცნობიერი. საენტოლოგია |
| 942 ## - ADDED ENTRY ELEMENTS (KOHA) |
| Source of classification or shelving scheme |
|
| Koha item type |
წიგნი |